| 000 | 01046nam a2200241Ia 4500 | ||
|---|---|---|---|
| 003 | OSt | ||
| 005 | 20220923222254.0 | ||
| 006 | a|||||r|||| 00| 0 | ||
| 007 | ta | ||
| 008 | 220922b |||||||| |||| 00| 0 mar d | ||
| 024 | _a204,164 | ||
| 037 | _cTextual | ||
| 040 |
_aARTS _cARTS _bmar |
||
| 041 |
_2mar _amar |
||
| 082 | _aO155vN5, 152J7;K0 | ||
| 100 |
_aमाचवे, प्रभाकर; क्षेमचंद्, सुमन, संपा. _9166534 |
||
| 245 | 0 |
_aमराठी और उसका साहित्य _b मराठी भाषा और साहित्य का परिचयात्मक विश्लेषण |
|
| 246 | _aMarāṭhī aur usakā sāhitya: marāṭhī bhāṣhā aur sāhitya kā parichayātmak vishleṣhaṇa | ||
| 260 | _c1960 | ||
| 650 | _aमराठी साहित्य | ||
| 942 |
_hO155vN5, 152J7;K0 _cTEXL _2CC |
||
| 999 |
_c354913 _d354913 |
||